| 000 | 01305nam0a22003491 4500 | ||
|---|---|---|---|
| 001 | v19\rc\1952293 | ||
| 005 | 20251118180925.9 | ||
| 035 | _a(NLR Aleph) 005036992 | ||
| 090 |
_a6752353 _c6752353 |
||
| 100 | _a20080428d1913 u y0rusy50 ca | ||
| 101 | 1 |
_arus _cger |
|
| 102 | _aRU | ||
| 105 | _ay z |||c| | ||
| 200 | 1 |
_aНервность и миросозерцание _eОчерки психичес. лечения нервнобольных _f[Соч.] Dr. J. Marcinowsk'ого _gПер. с нем. В.Н. Линд |
|
| 210 |
_aМосква _cНаука _d1913 |
||
| 215 |
_aIX, 176 с. _d22 |
||
| 225 | 1 |
_aПсихотерапевтическая библиотека _fПод ред. д-ров Н.Е. Осипова и О.Б. Фельцмана _vВып. 8 |
|
| 700 | 1 |
_aМарциновский _bЯ. _gЯрослав |
|
| 702 | 1 |
_aЛинд _bВ.Н. _f1843-1916 _gВасилий Николаевич _4730 |
|
| 801 | 0 |
_aRU _bNLR _gpsbo |
|
| 801 | 0 |
_aRU _bRuMoRGB _2psbo |
|
| 801 | 1 |
_aRU _bProSoft-M _2rusmarc |
|
| 852 |
_aNLR _j37.34.7.64(8) |
||
| 852 |
_aNLR _j133/4882 |
||
| 899 |
_aRuMoRGB _jРб 33/1462 |
||
| 899 |
_aRuMoRGB _jU 7/536 (вып. 8) |
||
| 899 |
_aRuMoRGB _jW 174/133 |
||
| 899 |
_aRuMoRGB _jU 388/295 |
||
| 899 | _aБАН | ||
| 899 | _aНБ СПбГУ | ||
| 942 | _cBOOK | ||
| 980 | _aNB | ||